Introduction to automata theory, languages and computation (Record no. 174798)

MARC details
000 -LEADER
fixed length control field 00423nam a2200145Ia 4500
008 - FIXED-LENGTH DATA ELEMENTS--GENERAL INFORMATION
fixed length control field 231217s9999 xx 000 0 und d
041 ## - LANGUAGE CODE
Language code of text/sound track or separate title English
082 ## - DEWEY DECIMAL CLASSIFICATION NUMBER
Classification number 001.6424 HOP
100 ## - MAIN ENTRY--PERSONAL NAME
Personal name Hopcroft, John E Ullman, Jeffrey D
245 #0 - TITLE STATEMENT
Title Introduction to automata theory, languages and computation
260 ## - PUBLICATION, DISTRIBUTION, ETC.
Date of publication, distribution, etc. 2001
Name of publisher, distributor, etc. Prism
Place of publication, distribution, etc. Delhi
300 ## - PHYSICAL DESCRIPTION
Extent xiv+520
650 ## - SUBJECT ADDED ENTRY--TOPICAL TERM
Topical term or geographic name entry element automata,theory,,languages,computation
942 ## - ADDED ENTRY ELEMENTS (KOHA)
Koha item type Books
Holdings
Date last seen Total checkouts Full call number Accession number Price effective from Category Lost status Damaged status Department Withdrawn status Home library Current library Shelving location Entry date Vendor Grants Billnumber Billdate Currency symbol Conversion rate Discount Old discount
26/01/2024   001.6424 HOP 34595 26/01/2024 Books     Information Science   Central Library Central Library Information Science 20/05/2005 Publisher IS   11/06/2008 RS 1    
26/01/2024   001.6424 HOP 34596 26/01/2024 Books     Information Science   Central Library Central Library Central Library 20/05/2005 Publisher IS   29/06/2008 RS 1    
26/01/2024   001.6424 HOP 34597 26/01/2024 Books     Information Science   Central Library Central Library Information Science 20/05/2005 Publisher IS   14/06/2008 RS 1    
26/01/2024   001.6424 HOP 34598 26/01/2024 Books     Information Science   Central Library Central Library Central Library 20/05/2005 Publisher IS   14/06/2008 RS 1    

© For any Suggestions or Query, please contact the library staff @ librarian@pes.edu or Phone: +9180 2672 1983/ 2108.